[Event "BL 2016-17"]
[Site "Berlin"]
[Date "2017.05.01"]
[Round "15"]
[White "Zelbel, Patrick"]
[Black "Vachier-Lagrave, Maxime"]
[Result "0-1"]
[WhiteElo "2429"]
[BlackElo "2803"]
[Annotator "TA"]
[PlyCount "136"]
[EventDate "2017.??.??"]
[EventType "team-tourn"]
[EventCountry "GER"]
[SourceTitle "playchess.com"]
[Source "ChessBase"]
[SourceQuality "1"]
[WhiteTeam "Mülheim Nord"]
[BlackTeam "Baden-Baden"]

{[%evp 15,136,25,19,21,50,6,0,0,0,-8,0,-5,0,-22,-4,-18,0,0,0,0,1,0,4,4,4,4,4,0,5,6,8,-17,12,6,8,-27,-27,-50,-50,-50,-50,-51,-51,-51,-25,-25,-25,-52,-52,-54,-43,-49,-46,-49,-70,-75,-75,-94,-94,-94,-94,-94,-94,-94,-94,-94,-94,-94,-87,-94,-94,-94,-94,-94,-94,-94,-94,-94,-94,-94,-94,-94,-94,-94,-94,-94,-94,-94,-79,-87,-67,-67,-67,-67,-67,-52,-26,-26,-38,-67,-67,-67,-67,-81,-81,-81,-81,-330,-296,-9929,-7318,-6502,-8045,-6975,-5377,-29964,-29949,-29969,-29969,-29962,-9929,-29977,-29978]} 1. e4 {[%cal Be2e4,Be4e5][%mdl 32]} c5 2. c3 Nf6 3. e5 Nd5 4. Bc4 {[%cal Bf1c4,Bc4b3,Bb3c2][%mdl 32]} Nb6 5. Bb3 {B22: Sicilian: 2 c3} c4 (5... g6 6. Nf3 Bg7 7. O-O O-O 8. a4 d5 9. exd6 Qxd6 10. Na3 Nc6 11. a5 Nd7 12. Nc4 Qc7 {½-½ (45) Demchenko,A (2613)-Khismatullin,D (2671) Vladivostok 2014}) 6. Bc2 d6 7. exd6 Qxd6 8. Nf3 Qe6+ {LiveBook: 4 Games} 9. Kf1 Nc6 $146 (9... g6 10. b3 Bg7 11. Na3 cxb3 12. axb3 O-O 13. h4 h5 14. Ng5 Qd7 15. Nc4 Nd5 16. Rh3 Nc6 17. Rg3 b5 18. Nxf7 {½-½ (18) Carradori,D (2168)-Klochan,P (2256) ICCF email 2014}) 10. a4 Qd5 11. d4 cxd3 12. Qxd3 g6 13. Qxd5 Nxd5 14. Na3 Bg7 15. Ke2 O-O 16. Rd1 Rd8 17. Nb5 {aiming for Rxd5!} Bg4 18. h3 Bxf3+ 19. Kxf3 e6 20. Bb3 a6 $132 {[%mdl 2048] Black is not keeping still (3)} 21. Na3 $1 {[%cal Bb5a3,Ba3c4,Bc4e3][%mdl 32]} Rac8 22. Bg5 Rd7 23. Nc4 b5 24. axb5 axb5 25. Ne3 {[%cal Rb3d5]} h6 26. Nxd5 {Hoping for Nf6+.} hxg5 27. Nb6 ({But not} 27. Nf6+ $2 Bxf6 28. Rxd7 Ne5+ 29. Ke2 Nxd7 $19) 27... Rxd1 28. Rxd1 Rc7 29. Ke2 Ne5 30. Rd8+ Bf8 31. g3 Rb7 32. Nc8 Nc6 33. Rd2 Na5 34. Ba2 b4 35. cxb4 Bxb4 36. Rd8+ Kg7 37. Nd6 Bxd6 $1 38. Rxd6 Rxb2+ $17 {[%mdl 4096] Endgame KRB-KRN} 39. Rd2 Rb4 40. Ke3 Nc6 41. Rc2 Nd4 42. Rd2 Nf5+ 43. Kf3 Kf6 44. Rd7 Nd4+ 45. Ke3 Nc6 46. Rc7 Na5 47. Rc5 Ra4 48. Rc2 Ke7 49. Kf3 Kd6 50. Rd2+ Kc7 51. Bb1 Nb3 52. Ra2 Rc4 53. Ra7+ Kd6 {...Nd2+ is the strong threat.} 54. Ba2 Nd4+ 55. Ke4 Nc6+ (55... f5+ $5 {seems wilder.} 56. Ke3 Rb4 57. Ra6+ Nc6 58. Kf3 Re4) 56. Bxc4 Nxa7 $11 {KB-KN} 57. Be2 Nc6 58. Bb5 e5 {[%cal Be6e5,Be5e4][%mdl 32]} 59. Bc4 f5+ 60. Ke3 e4 61. Be2 $2 (61. Bf7 $17) 61... Ke5 $1 $19 62. f4+ $2 {[#]} (62. Kd2) 62... gxf4+ $1 63. gxf4+ Kd6 64. Bc4 {[#]} Nb4 $1 {[%cal Rb4d5]} 65. Kf2 Nd5 66. Kg3 Kc5 67. Bb3 Kd4 68. Ba2 e3 0-1

[Event "BL 2016-17"]
[Site "Berlin"]
[Date "2017.05.01"]
[Round "15"]
[White "Womacka, Mathias"]
[Black "Grimm, Julius"]
[Result "1/2-1/2"]
[WhiteElo "2428"]
[BlackElo "2281"]
[Annotator "TA"]
[PlyCount "40"]
[EventDate "2017.??.??"]
[EventType "team-tourn"]
[EventCountry "GER"]
[SourceTitle "playchess.com"]
[Source "ChessBase"]
[SourceQuality "1"]
[WhiteTeam "Schwäbisch Hall"]
[BlackTeam "Griesheim"]

{[%evp 31,40,28,31,17,29,18,23,-8,0,-24,-25]} 1. e4 c6 2. d4 d5 3. Nd2 dxe4 4. Nxe4 Bf5 5. Ng3 Bg6 6. h4 h6 7. Nf3 Nd7 8. h5 Bh7 9. Bd3 Bxd3 10. Qxd3 e6 11. Bd2 Ngf6 12. O-O-O Be7 13. Kb1 Rc8 {B19: Classical Caro-Kann: 4...Bf5 main line} (13... O-O 14. Ne4 Nxe4 15. Qxe4 Nf6 16. Qe2 Qd5 17. Ne5 Qe4 18. Qxe4 Nxe4 19. Be3 Rfd8 20. g4 c5 21. f3 cxd4 22. Bxd4 {½-½ (30) Lenic,L (2640)-Ragger,M (2700) Austria 2017}) 14. Ne4 c5 15. dxc5 Nxc5 16. Nxf6+ Bxf6 {LiveBook: 4 Games} 17. Qb5+ Qd7 18. Qxd7+ Nxd7 19. Bf4 $146 ({Predecessor (2):} 19. Be3 a6 20. Nd2 Be7 21. Ne4 {0-1 (43) Krause,B (2381)-Braun,A (2569) Kiel 2016}) 19... Nb6 20. Be5 Rc5 1/2-1/2

[Event "BL 2016-17"]
[Site "Berlin"]
[Date "2017.05.01"]
[Round "15"]
[White "Braga, Fernando"]
[Black "Hoffmeyer, Falk"]
[Result "0-1"]
[WhiteElo "2410"]
[BlackElo "2351"]
[Annotator "TA"]
[PlyCount "70"]
[EventDate "2017.??.??"]
[EventType "team-tourn"]
[EventCountry "GER"]
[SourceTitle "playchess.com"]
[Source "ChessBase"]
[SourceQuality "1"]
[WhiteTeam "Aufwärts Aachen"]
[BlackTeam "Zugzwang München"]

{[%evp 13,70,0,7,-34,-4,-14,48,-14,79,85,80,70,70,71,82,90,79,56,62,62,71,42,33,0,57,60,64,-91,-94,-86,-77,-92,-55,-150,-131,-184,-181,-209,-185,-212,-100,-114,-108,-236,-45,-41,-31,-43,0,-1,-5,-33,-27,-91,-87,-216,-223,-1110,-1042]} 1. c4 e5 {[%cal Be7e5,Be5e4][%mdl 32]} 2. g3 c6 3. d4 e4 {A20: English Opening: 1...e5} 4. Nc3 d5 5. Bg2 Nf6 6. cxd5 cxd5 7. f3 (7. Nh3 Bb4 8. O-O Bxc3 9. bxc3 O-O 10. f3 exf3 11. Rxf3 h6 12. Qf1 Nbd7 {½-½ (50) Aronian,L (2785)-Anand,V (2779) Doha 2016}) 7... Bb4 {LiveBook: 5 Games} 8. fxe4 $146 ({Predecessor (19):} 8. Bg5 O-O 9. fxe4 dxe4 10. e3 h6 11. Bxf6 Qxf6 {½-½ (30) Damljanovic,B (2573)-Komarov,D (2530) Le Port Marly 2009}) 8... dxe4 9. Bg5 Bf5 (9... Bxc3+ $11 10. bxc3 Nbd7) 10. e3 (10. Nh3 $14) 10... h6 (10... Bxc3+ $11 {remains equal.} 11. bxc3 Nbd7) 11. Bxf6 $1 $16 Bxc3+ 12. bxc3 Qxf6 13. Ne2 Qg5 14. Nf4 Nd7 15. Qb1 Nf6 16. Qb4 Bd7 17. c4 (17. Qxb7 O-O $11) 17... Rc8 18. Rc1 ({Don't take} 18. Qxb7 $2 Qa5+ 19. Ke2 (19. Kf1 $2 Qc3 20. Re1 O-O $19) 19... O-O $19) 18... b6 ({Black should play} 18... h5 $1 $11) 19. Kd2 $14 h5 20. Nd5 $2 {[#]} (20. Rhg1 $14) 20... Nxd5 $17 21. cxd5 Rxc1 22. Rxc1 Qxd5 23. Qc4 (23. Qa3 $15) 23... Qa5+ 24. Qc3 (24. Rc3 $17) 24... Qxa2+ $19 25. Rc2 Qd5 26. Qc7 {And now Qb8+ would win.} Rh6 (26... Qa5+ $19 {and Black stays clearly on top.} 27. Ke2 (27. Rc3 $2 Ke7 28. Qe5+ Qxe5 29. dxe5 h4 30. Bxe4 hxg3 31. hxg3 Rc8 32. Rxc8 Bxc8 $19) 27... Qb5+ 28. Ke1 O-O) 27. Qxa7 Rf6 {Strongly threatening ...Rf2+.} 28. Kc1 {[#]} (28. Qb8+ $17 Ke7 29. Qe5+ Qxe5 30. dxe5) 28... Rc6 $2 (28... Qb3 $1 $19 29. Qa8+ Ke7 30. Qxe4+ Re6) 29. Rxc6 $15 Qxc6+ 30. Kd2 f5 {...Qc4 is the strong threat.} 31. Bf1 Qd6 {aiming for ...Qb4+.} 32. Kc3 g5 33. Qa2 (33. Qa8+ $11 Ke7 34. Qa7) 33... Ke7 $17 34. Qg8 (34. Qa7 $17) 34... Qa3+ $19 35. Qb3 $2 (35. Kc2 Qa4+ 36. Qb3) 35... Qc1+ {Precision: White = 30%, Black = 53%.} 0-1

[Event "BL 2016-17"]
[Site "Berlin"]
[Date "2017.05.01"]
[Round "15"]
[White "Zysk, Robert"]
[Black "Zaragatski, Ilja"]
[Result "0-1"]
[WhiteElo "2407"]
[BlackElo "2509"]
[Annotator "TA"]
[PlyCount "72"]
[EventDate "2017.??.??"]
[EventType "team-tourn"]
[EventCountry "GER"]
[SourceTitle "playchess.com"]
[Source "ChessBase"]
[SourceQuality "1"]
[WhiteTeam "Zugzwang München"]
[BlackTeam "Aufwärts Aachen"]

{[%evp 22,72,34,0,13,0,0,0,45,0,50,0,8,23,6,0,0,0,0,16,239,247,245,77,48,56,31,0,0,0,64,57,32,8,8,0,148,-107,-92,-1208,-1197,-1165,-1163,-1649,-1490,-5918,-5910,-2554,-2265,-29983,-1495,-29980,-29971]} 1. Nf3 f5 2. c4 Nf6 3. g3 g6 4. Bg2 Bg7 5. d4 d6 6. O-O O-O 7. Nc3 Qe8 8. Re1 Qf7 9. b3 Ne4 10. Bb2 Nc6 11. Rc1 {A87: Dutch Defence: Leningrad System: 5 Nf3} e5 12. dxe5 {LiveBook: 4 Games} (12. d5 Nb4 13. a3 Nxc3 14. Rxc3 Na6 15. b4 e4 16. Nd4 Bd7 17. f3 c5 18. dxc6 bxc6 19. fxe4 fxe4 {0-1 (40) Eljanov,P (2663)-Gurevich,M (2652) Khanty-Mansiysk 2005}) 12... dxe5 (12... Nxe5 13. Nxe5 Bxe5 14. f4 $16) 13. Nxe4 {The position is equal.} fxe4 14. Ng5 Qxf2+ 15. Kh1 Qf5 16. Nxe4 Qh5 17. Qd5+ Kh8 18. Rcd1 $146 {And now Ba3 would win.} ({Predecessor:} 18. Rf1 Bg4 19. Rxf8+ Rxf8 {0-1 (29) Zharkov,H (2262)-Sandu,M (2325) France 2008}) 18... Bg4 19. Ba3 Rf5 $1 20. Qb5 Bxe2 $2 (20... Rb8 $11) 21. Qxb7 $18 Rg8 {[#] ...Nd4 is the strong threat.} 22. Rd2 $2 (22. g4 $1 $18 {[%cal Rg4h5] is the precise move to win.} Bxg4 23. Ng3) 22... Nd4 $16 {Hoping for ...Nf3.} 23. Rdxe2 (23. Qxa7 $2 Nf3 24. Bxf3 Bxf3+ 25. Kg1 Bxe4 26. Rxe4 Qf3 $19) 23... Nxe2 24. Qxc7 (24. Qxa7 Nd4 25. h3 Rf7 $15) 24... Nd4 $40 {[%mdl 128] Black has some attack.} 25. h3 Nc2 ({Better is} 25... g5 $11) 26. g4 $14 {[%mdl 1024] White has compensation.} Qh4 27. Re2 (27. Rd1 $5 {[%cal Rg4f5]} Ne3 28. Be7 $11 (28. gxf5 Nxd1 29. Nd6 Nf2+ 30. Kg1 Nxh3+ 31. Bxh3 Qe1+ 32. Bf1 Qe3+ 33. Kh1 Qh6+ 34. Kg2 Qd2+ 35. Kg3 Qf4+ 36. Kg2 Qd2+ 37. Kh3 Qh6+ 38. Kg3 Qf4+ 39. Kg2 Qd2+ $11)) 27... Nd4 28. Re3 Qh6 (28... Rf3 $11 {keeps the balance.} 29. Be7 (29. Rxf3 Nxf3 30. Qa5 h5 $17) 29... Rf7 30. Bxh4 Rxc7) 29. Rg3 $2 {[%mdl 8192]} (29. gxf5 $16 {is necessary to keep the advantage. Strongly threatening Nd6!} Qxe3 30. f6) 29... Rf4 $17 30. Be7 $2 {[%mdl 8192] [#]} ({Don't go for} 30. Qxa7 $2 {[#]} Rxe4 $1 {[%mdl 512]} 31. Bxe4 Qf4 $19) (30. Rd3 $17) 30... Rxe4 $1 $19 {[%mdl 512]} 31. Bxe4 Qf4 32. Rg2 Qxe4 33. Qxa7 Qe1+ 34. Rg1 Qe3 {[%cal Re3h3]} 35. Kg2 Qf3+ 36. Kh2 Ra8 {Precision: White = 57%, Black = 55%.} 0-1

[Event "BL 2016-17"]
[Site "Berlin"]
[Date "2017.05.01"]
[Round "15"]
[White "Bruedigam, Martin"]
[Black "Bluebaum, Matthias"]
[Result "0-1"]
[WhiteElo "2403"]
[BlackElo "2634"]
[Annotator "TA"]
[PlyCount "132"]
[EventDate "2017.??.??"]
[EventType "team-tourn"]
[EventCountry "GER"]
[SourceTitle "playchess.com"]
[Source "ChessBase"]
[SourceQuality "1"]
[WhiteTeam "König Tegel"]
[BlackTeam "Werder Bremen"]

{[%evp 15,132,22,14,0,0,-25,-27,-14,-7,-20,-29,-27,-29,-43,-34,-73,-77,-78,-63,-63,-61,-52,-68,-95,-87,-101,-98,-114,-71,-75,-75,-123,-123,-141,-141,-143,-133,-125,-125,-128,-129,-132,-111,-117,-118,-113,-118,-124,-108,-147,-153,-153,-153,-150,-147,-162,-146,-153,-128,-128,-122,-126,-116,-150,-130,-154,-144,-157,-163,-149,-138,-140,-138,-138,-149,-137,-132,-139,-113,-127,-118,-155,-147,-150,-137,-331,-329,-343,-177,-161,-139,-164,0,-145,-77,-82,-85,-88,-28,-30,-34,-111,-119,-121,-164,-120,-100,-116,-95,-130,-124,-76,-66,-157,-141,-172,-173,-1471,-1066]} 1. e4 e6 2. d4 d5 3. Nd2 c5 4. exd5 Qxd5 5. dxc5 Nf6 {C07: French Tarrasch: 3...c5, 4 Ngf3 and 4 exd5 Qxd5} (5... Bxc5 6. Ngf3 Nf6 7. Bc4 Qc6 8. O-O Nbd7 9. Qe2 a6 10. a4 b6 11. Nb3 Bb7 12. Nxc5 Nxc5 13. b4 Ncd7 14. Rd1 O-O 15. b5 {½-½ (31) Zherebukh,Y (2605)-So,W (2822) Saint Louis 2017}) 6. Ngf3 Qxc5 7. Bd3 Nbd7 8. O-O Qc7 {LiveBook: 28 Games} 9. Nb3 Bd6 10. Qe2 O-O 11. Bg5 b6 $146 (11... Bf4 12. Rfe1 b6 13. Rad1 {½-½ (66) Kulkarni,R (2296)-Sundararajan,K (2456) Paris 2016}) 12. Rad1 Bb7 13. Nbd4 a6 14. Rfe1 Rfe8 (14... Ng4 $2 15. Nxe6 $1 {[%mdl 512]} Bxh2+ 16. Kh1 Bxf3 17. Bxh7+ (17. Nxc7 Bxe2 18. Bxe2 Bxc7 $14) (17. Qxf3 fxe6 18. Qxg4 Nc5 $18) 17... Kh8 18. Qxf3 (18. Nxc7 Bxe2 19. Rxe2 Bxc7 $16) 18... fxe6 19. Qxg4 Kxh7 20. Rxe6 $18) 15. Bc4 b5 16. Bb3 Ne4 17. c3 {[#]} Bxh2+ $1 {[%mdl 512]} 18. Nxh2 Nxg5 19. Bc2 Nf6 20. Ng4 Nge4 {[%cal Bg5e4,Be4f6,Bf6d5][%mdl 32]} 21. Rd3 Qf4 22. Nxf6+ Nxf6 (22... gxf6 $2 23. Rf3 Nxc3 24. Rxc3 (24. Rxf4 Nxe2+ 25. Nxe2 f5 $18) 24... Qxd4 25. Qh5 $18 (25. Rg3+ Kf8 $11)) 23. Rg3 g6 24. Rd1 Rad8 25. Qe3 Qxe3 26. Rxe3 Nd5 27. Ree1 Nb6 28. Nb3 Bd5 29. Nc5 Ra8 30. Bb3 Rec8 31. Ne4 Kg7 32. g3 Nc4 33. Bxc4 Rxc4 34. Nd2 Rc7 35. a3 Rd8 36. Nb3 Kf6 37. f4 g5 38. fxg5+ Kxg5 39. Kf2 Kf6 40. Rd2 Rg8 41. Nc1 Rg5 42. Nd3 Rh5 43. Nf4 Rh2+ 44. Ke3 Rxd2 45. Kxd2 $17 {[%mdl 4096] Endgame KRB-KRN} Bb7 46. Nd3 Ke7 47. b4 Bd5 48. Ra1 Rc8 49. a4 Rg8 50. Nc5 $2 (50. axb5 $17 {was necessary.} axb5 51. Ra5) 50... Rxg3 $19 51. Nxa6 bxa4 (51... h5 $142 52. Nc7 Be4) 52. Rxa4 Rg2+ 53. Kd3 Rg3+ 54. Kd2 $1 Bc4 (54... Bc6 $142 55. Ra5 Rg2+ 56. Ke3 Rg3+ 57. Kd2 Bf3) 55. Nc5 $17 Rg2+ 56. Ke3 e5 (56... Ra2 $1 $17 {Black wants to play ...Rxa4.} 57. Ra5 (57. Rxa2 Bxa2 58. Kf4 Bd5 $19) 57... h5 58. Rxa2 Bxa2) 57. Ra7+ $11 Kf6 {aiming for ...Kf5.} 58. Rc7 {[#]} ({Better is} 58. Ne4+ $15 Ke6 59. Rc7) 58... Kf5 $1 $17 {[%cal Rf5g4]} 59. Nb7 {Threatens to win with Nd6+.} Re2+ 60. Kf3 {Nd6+ is the strong threat.} e4+ 61. Kg3 {[#]} Re3+ $1 62. Kg2 {Hoping for Nd6+.} Be6 {White must now prevent ...Kf4.} (62... Rxc3 63. Nd6+ Ke6 64. Nxc4 $14 (64. Rxc4 Rxc4 65. Nxc4 Kd5 $11)) 63. Nd8 Bb3 64. Nxf7 ({White should try} 64. Nc6 $1 $15 Kf4 65. Nd4) 64... Kf4 65. Rc6 Rg3+ ({Don't play} 65... Bxf7 66. Rf6+ Kg4 67. Rxf7 $11) 66. Kf2 $2 (66. Kh2 Rg6 67. Rxg6 hxg6 68. Nh8) 66... Rf3+ {Precision: White = 55%, Black = 83%.} ({And not} 66... Bxf7 67. Rf6+ Kg5 68. Rxf7 Rxc3 69. Rxh7 $11) 0-1

[Event "BL 2016-17"]
[Site "Berlin"]
[Date "2017.05.01"]
[Round "15"]
[White "Raykhman, Alexander"]
[Black "Nothnagel, Marian Can"]
[Result "1-0"]
[WhiteElo "2403"]
[BlackElo "2121"]
[Annotator "ChessBase"]
[PlyCount "69"]
[EventDate "2017.??.??"]
[EventType "team-tourn"]
[EventCountry "GER"]
[SourceTitle "playchess.com"]
[Source "ChessBase"]
[SourceQuality "1"]
[WhiteTeam "Schwäbisch Hall"]
[BlackTeam "Griesheim"]
[TimeControl "40/6000+30:3000+30"]

1. d4 {[%emt 0:00:00]} Nf6 {[%emt 0:00:06]} 2. Nf3 {[%emt 0:00:06]} g6 {[%emt 0:00:06]} 3. c4 {[%emt 0:00:05]} Bg7 {[%emt 0:00:03]} 4. e3 {[%emt 0:02:05]} O-O {[%emt 0:01:03]} 5. Be2 {[%emt 0:00:05]} d6 {[%emt 0:00:06]} 6. O-O {[%emt 0:00:08]} Nbd7 {[%emt 0:02:05]} 7. Nc3 {[%emt 0:02:06]} e5 {[%emt 0:02:32]} 8. b3 {[%emt 0:00:52]} Re8 {[%emt 0:04:17]} 9. a4 {[%emt 0:02:40]} e4 {[%emt 0:07:06]} 10. Nd2 {[%emt 0:04:24]} Nf8 {[%emt 0:00:06]} 11. a5 {[%emt 0:01:18]} a6 {[%emt 0:00:36]} 12. b4 {[%emt 0:05:07]} h5 {[%emt 0:02:34]} 13. b5 {[%emt 0:00:28]} Bf5 {[%emt 0:03:08]} 14. bxa6 {[%emt 0:09:26]} bxa6 {[%emt 0:01:13]} 15. Rb1 {[%emt 0:00:09]} N8h7 {[%emt 0:13:15]} 16. Ba3 {[%emt 0:11:50]} Bh6 {[%emt 0:22:13]} 17. Rb7 {[%emt 0:24:01]} Bc8 {[%emt 0:32:57]} 18. Rb3 {[%emt 0:00:26]} Bg4 {[%emt 0:00:32]} 19. Bxg4 {[%emt 0:11:10]} hxg4 {[%emt 0:00:08]} 20. Qc2 {[%emt 0:00:16]} Ng5 {[%emt 0:00:44]} 21. Nd5 {[%emt 0:02:08]} Kg7 {[%emt 0:09:30]} 22. Rc1 {[%emt 0:08:35]} Ra7 {[%emt 0:03:18]} 23. Rcb1 {[%emt 0:02:14]} Nxd5 {[%emt 0:00:47]} 24. cxd5 {[%emt 0:00:02]} Qf6 {[%emt 0:00:19]} 25. Qc6 {[%emt 0:01:22]} Raa8 {[%emt 0:01:04]} 26. Qxc7 {[%emt 0:00:57]} Rad8 {[%emt 0:00:06]} 27. Rb8 {[%emt 0:02:20]} Nh3+ {[%emt 0:02:09]} 28. gxh3 {[%emt 0:00:29]} gxh3 {[%emt 0:00:57]} 29. Rxd8 {[%emt 0:02:02]} Bxe3 {[%emt 0:00:53]} 30. fxe3 {[%emt 0:01:41]} Qg5+ {[%emt 0:00:41]} 31. Kf2 {[%emt 0:00:13]} Rxd8 {[%emt 0:00:40]} 32. Rb8 {[%emt 0:01:45]} Rxb8 {[%emt 0:00:12]} 33. Qxb8 {[%emt 0:00:06]} Qg2+ {[%emt 0:00:21]} 34. Ke1 {[%emt 0:00:07]} Qxh2 {[%emt 0:00:33]} 35. Bxd6 {[%emt 0:00:05]} 1-0

[Event "BL 2016-17"]
[Site "Berlin"]
[Date "2017.05.01"]
[Round "15"]
[White "Osmanodja, Filiz"]
[Black "Boguslawski, Oleg"]
[Result "1-0"]
[WhiteElo "2370"]
[BlackElo "2424"]
[Annotator "TA"]
[PlyCount "105"]
[EventDate "2017.??.??"]
[EventType "team-tourn"]
[EventCountry "GER"]
[SourceTitle "playchess.com"]
[Source "ChessBase"]
[SourceQuality "1"]
[WhiteTeam "TU Dresden"]
[BlackTeam "Hockenheim"]

{[%evp 24,105,52,49,68,64,60,24,24,22,24,19,28,6,18,17,22,0,15,10,10,-31,0,0,0,0,0,-63,-63,-59,0,0,0,0,0,0,204,202,203,199,227,227,204,135,218,164,147,166,150,133,133,51,399,399,620,620,741,0,0,0,0,-126,-154,-159,-150,-164,-16,-16,-19,-114,-89,-93,-87,-103,0,0,168,60,1652,1550,5410,1773,29993,29994]} 1. e4 e5 2. Nf3 Nc6 3. Bb5 a6 4. Ba4 Nf6 5. O-O Be7 6. Re1 b5 7. Bb3 d6 8. c3 O-O 9. h3 Na5 10. Bc2 c5 11. d4 Nc6 12. d5 Na5 13. b3 {LiveBook: 40 Games} Nb7 {C96: Closed Ruy Lopez: Chigorin Defence: 11 d4, replies other than 11...Qc7} (13... Re8 14. Be3 g6 15. Nbd2 Nb7 16. a4 Bd7 17. Bd3 Qb6 18. Qe2 Nh5 19. b4 Bf6 20. axb5 axb5 21. g3 {½-½ (55) Kovacevic,A (2556)-Gustafsson,J (2603) Mallorca 2004}) 14. a4 Bd7 15. Nbd2 Qc7 $146 {White has an edge.} ({Predecessor:} 15... Ne8 16. Nf1 f5 17. exf5 Bxf5 18. Bxf5 Rxf5 19. axb5 axb5 20. Rxa8 Qxa8 {1-0 (62) Kanyadi,Z (2035)-Mihut,I (2222) Debrecen 2002}) 16. Nf1 Rfb8 17. Ne3 g6 18. Nd2 Bf8 19. Bb2 Nh5 20. Kh2 Qd8 21. g3 Bh6 22. Qe2 (22. Ng4 $5 {[%cal Rg4h6]} Bxg4 23. hxg4 $11) 22... Nf4 23. gxf4 Bxf4+ 24. Kh1 Qh4 25. Nf3 (25. Qf1 $2 Bxh3 26. Nf3 Qh5 $19) (25. Qf3 $11 Bxh3 26. Kg1) 25... Qxh3+ $15 26. Kg1 Bg4 (26... bxa4 $1 $15 27. bxa4 Na5) 27. Nxg4 $11 Qxg4+ 28. Kf1 Qh3+ 29. Kg1 {Threatening Qf1.} g5 $2 (29... c4 $11 {and Black stays safe.}) 30. Qf1 $1 $18 {[%cal Rf1h3]} (30. axb5 Qg4+ 31. Kf1 Qh3+ 32. Kg1 Qg4+ 33. Kh1 Qh3+ 34. Kg1 $11) 30... Qh5 31. Qg2 b4 32. Bc1 Kh8 33. Bd1 (33. Nxg5 Rg8 34. Bd1 (34. Bxf4 exf4 35. Bd1 Qxg5 36. Qxg5 Rxg5+ 37. Kf1 Re8 $17) 34... Qxg5 35. Qxg5 Rxg5+ 36. Kf1 Re8 $17) 33... Qh6 (33... g4 $16) 34. Nh2 (34. Nxg5 Qxg5 35. Qxg5 Bxg5 $15) 34... bxc3 35. Ng4 Qg6 36. Bxf4 gxf4 37. Qh3 {[#]} ({White should try} 37. Rc1 $16) 37... Na5 $2 {[%mdl 8192]} (37... c2 $1 $14 {[%mdl 512]} 38. Kh2 (38. Bxc2 h5 39. Kh2 Qxg4 $17) 38... cxd1=N 39. Raxd1 f5) 38. Kh2 $1 Nxb3 (38... f5 $142) 39. Bxb3 Rxb3 40. Qh4 $2 (40. Rg1 $18) 40... Rg8 $1 $11 41. Rg1 $1 Qg5 $36 {[%mdl 2048] Black is pushing.} 42. Qh3 (42. Qxg5 $11 Rxg5 43. Nf6) 42... Rg6 $1 $17 43. Rac1 Rb2 {...f3! is the strong threat.} 44. Kh1 Re2 (44... c2 $19 45. f3 f5 46. exf5 Qxf5) 45. Nh2 $11 Qh6 46. Qf3 (46. Qxh6 $1 $11 Rxh6 47. Rxc3) 46... Ra2 {aiming for ...Rg3!} 47. Rxg6 hxg6 ({Much weaker is} 47... fxg6 $6 48. Rxc3 Qh5 49. Qxh5 gxh5 50. Kg2 $11) 48. Rxc3 {[#] And now Qg4 would win.} Rxa4 (48... Qh4 $1 $17 49. Kg1 Rxa4) 49. Qg4 {[#] Hoping for Rh3.} Ra1+ $2 ({Don't consider} 49... Rxe4 $2 50. Rh3 Kg7 51. Rxh6 $18) (49... f3 $1 $11 {[%mdl 512] and Black is okay.} 50. Qc8+ (50. Rxf3 f5) 50... Kg7 51. Rxf3 Rxe4) 50. Kg2 $18 {Threatens to win with Rh3.} Kg7 $2 {[%mdl 8192]} (50... f5 $14 51. exf5 gxf5 52. Qxf5 Kg7) 51. Rh3 f3+ 52. Nxf3 Qf4 53. Qc8 {Precision: White = 62%, Black = 49%.} 1-0

[Event "BL 2016-17"]
[Site "Berlin"]
[Date "2017.05.01"]
[Round "15"]
[White "Schneider, Stefan"]
[Black "Gonda, Laszlo"]
[Result "0-1"]
[WhiteElo "2356"]
[BlackElo "2485"]
[Annotator "TA"]
[PlyCount "64"]
[EventDate "2017.??.??"]
[EventType "team-tourn"]
[EventCountry "GER"]
[SourceTitle "playchess.com"]
[Source "ChessBase"]
[SourceQuality "1"]
[WhiteTeam "Bayern München"]
[BlackTeam "SG Trier"]

{[%evp 19,64,5,6,13,7,-41,-60,-36,-37,-67,-17,-35,-39,-81,-77,-121,-112,-108,-113,-160,-185,-185,-104,-229,-203,-236,-238,-285,-280,-347,-343,-491,-378,-459,-455,-531,-552,-602,-371,-558,-550,-570,-533,-710,-668,-691,-675]} 1. d4 Nf6 2. c4 e6 3. Nf3 Bb4+ 4. Nbd2 O-O 5. a3 Be7 6. e4 d5 7. e5 Nfd7 8. Bd3 {E11: Bogo-Indian} c5 9. h4 (9. Qc2 h6 10. O-O Nc6 11. Nb3 cxd4 12. Re1 dxc4 13. Qxc4 Nb6 14. Qc2 f5 15. exf6 Rxf6 {½-½ (67) Vachier Lagrave,M (2758)-Tomashevsky,E (2758) Baku 2015}) 9... g6 10. Qc2 cxd4 $1 {LiveBook: 4 Games} 11. cxd5 exd5 {[#] Hoping for ...Nc6.} 12. Nb3 Nc6 13. Bf4 Re8 {Threatens to win with ...Ndxe5!} 14. Kf1 $146 ({Much worse is} 14. Nbxd4 Nxd4 15. Nxd4 Bf6 $17) (14. O-O-O Nf8 15. h5 g5 {0-1 (51) Chu,W (2349)-Raznikov,D (2495) Albena 2014}) 14... Nf8 15. h5 g5 $36 {[%mdl 2048] Black has the initiative.} 16. Bg3 Qb6 17. Nbd2 h6 18. b4 Bd7 19. Nh2 Rac8 20. Qd1 Nd8 ({Black should try} 20... a5 $19 21. bxa5 Nxa5) 21. Ndf3 (21. Kg1 $17) 21... f5 $19 22. exf6 Bxf6 23. Ne1 Rc3 24. Qf3 Qe6 25. a4 (25. Kg1 {might work better.}) 25... Bxa4 26. Ng4 Bg7 27. Kg1 Bd7 {[%cal Ba4d7,Bd7b5,Bb5d3][%mdl 32]} 28. Nh2 Bb5 29. Nf1 (29. Bxb5 $142 Rxf3 30. Nhxf3) 29... a6 {Black is clearly winning.} 30. Kh2 g4 31. Qf5 Bxd3 32. Qxe6+ Nfxe6 {Precision: White = 21%, Black = 90%.} 0-1